| 000 | 00421nam a2200169Ia 4500 | ||
|---|---|---|---|
| 008 | 221030s9999 xx 000 0 und d | ||
| 020 | _a0074638947 | ||
| 041 | _aEnglish | ||
| 082 |
_a105.23 _bSiv |
||
| 100 | _aS. Chitra | ||
| 245 | 0 |
_aManagement of Information Services _cby S. Chitra, K. S. Babai |
|
| 260 |
_bTMH _aNew Delhi _c2002 |
||
| 300 | _a295 | ||
| 650 | _aBE Computer | ||
| 700 | _aK. S. Babai | ||
| 942 | _cBK | ||
| 999 |
_c3341 _d3341 |
||